000 00686nam a22002297a 4500
003 UA-OsUOA
001 35495
007 ta
008 20051202b un ||||| |||| 00| 0 ukr d
090 _a336.767(075.8)
_bП60
942 _cBK
040 _aUA-OsUOA
_bukr
_cUA-OsUOA
_dUA-OsUOA
245 _aПортфельне інвестування
_bНавч. посібник
_cА.А. Пересада, О.Г. Шевченко, Ю.М. Коваленко, С.В. Урванцева
300 _a408 с.
955 _a2
041 _aukr
080 _a336.767(075.8)
020 _a966-574-604-9
260 _aК.
_bКНЕУ
_c2004
650 7 _a336 Фінанси
_2UDC
999 _c321861
_d321861